The power of brand ownership (Record no. 4531)

MARC details
000 -CABECERA
campo de control de longitud fija 03486cam a2200313 i 4500
001 - NÚMERO DE CONTROL
campo de control 99117140111004341
005 - FECHA Y HORA DE LA ÚLTIMA TRANSACCIÓN
campo de control 20250312120407.0
008 - DATOS DE LONGITUD FIJA--INFORMACIÓN GENERAL
campo de control de longitud fija 240503s2025 enk b 001 0 eng
010 ## - NÚMERO DE CONTROL DE LA BIBLIOTECA DEL CONGRESO
Número de control de LC 2024020826
020 ## - NÚMERO INTERNACIONAL ESTÁNDAR DEL LIBRO
Número Internacional Estándar del Libro 9781009538381
Información calificativa Paperback
020 ## - NÚMERO INTERNACIONAL ESTÁNDAR DEL LIBRO
Número Internacional Estándar del Libro 9781009538404
Información calificativa Hardback
035 ## - NÚMERO DE CONTROL DEL SISTEMA
Número de control de sistema (OCoLC)1432607752
035 ## - NÚMERO DE CONTROL DEL SISTEMA
Número de control de sistema (OCoLC)on1432607752
040 ## - FUENTE DE LA CATALOGACIÓN
Centro catalogador/agencia de origen DLC
Lengua de catalogación eng
Normas de descripción rda
Centro/agencia transcriptor DLC
Centro/agencia modificador OCLCO
-- YDX
-- IG#
-- UKOBU
-- YDX
-- NLE
042 ## - CÓDIGO DE AUTENTICACIÓN
Código de autenticación pcc
049 ## - FONDOS LOCALES (OCLC)
Fondos de biblioteca NLES
050 00 - SIGNATURA TOPOGRÁFICA DE LA BIBLIOTECA DEL CONGRESO
Número de clasificación HC79.C6
Número de documento/Ítem J654 2025
100 ## - ENTRADA PRINCIPAL--NOMBRE DE PERSONA
Nombre de persona Johnson, Miriam J.,
Término indicativo de función/relación author.
URI de un objeto del mundo real https://id.oclc.org/worldcat/entity/E39PCjB4XgBjHDKkCBXW6TgMyd
9 (RLIN) 24889
245 14 - MENCIÓN DE TÍTULO
Título The power of brand ownership
Resto del título : marketing in the cultural landscape
Mención de responsabilidad, etc. / Miriam J. Johnson.
264 #1 - PRODUCCIÓN, PUBLICACIÓN, DISTRIBUCIÓN, FABRICACIÓN Y COPYRIGHT
Producción, publicación, distribución, fabricación y copyright Cambridge :
Nombre del de productor, editor, distribuidor, fabricante Cambridge University Press,
Fecha de producción, publicación, distribución, fabricación o copyright 2025.
300 ## - DESCRIPCIÓN FÍSICA
Extensión vii, 271 pages ;
Dimensiones 23 cm
504 ## - NOTA DE BIBLIOGRAFÍA, ETC.
Nota de bibliografía, etc. Includes bibliographical references and index.
505 ## - NOTA DE CONTENIDO CON FORMATO
Nota de contenido con formato What we mean when we talk about the cultural landscape —<br/>Using brands as landmarks for mapping the cultural landscape —<br/>Brand capital, perspective, and power —<br/>The role of gender —<br/>Case Study 1 – Gender – Virgin Atlantic and Bud Light —<br/>The importance of authenticity —<br/>Brand activism as power dynamic —<br/>Case Study 2 – Activism – Kate Spade Change Please —<br/>Ownership as power —<br/>The transience of power in the cultural landscape —<br/>Case Study 3 – Shifting power – Skype, Burberry, and Old Spice —<br/>TLDR – the application to industry
520 ## - SUMARIO, ETC.
Sumario, etc. How do brands cultivate loyalty and influence consumer purchasing decisions? The Power of Brand Ownership explores the complex dynamics between branding and consumer identity within both the physical and digital realms that form our cultural landscape. Miriam J. Johnson uncovers a symbiotic relationship where brands serve not merely as navigational aids in a consumer's journey but also as integral components of self-identity and social projection, and the power that entails. Investigating the nuances of power shifts, brand authenticity, activism, and the gendered nature of consumption, Johnson asserts that brands are both influenced by and influencers of the cultural terrain they inhabit as well as the temporal contexts in which they interact. Theoretical frameworks articulate the fluidity of capital within the consumer-brand nexus whilst insightful case studies illustrate industry examples, revealing the shifting strategies employed by companies to make brands identifiable and desirable in the ever-changing cultural landscape.<br/><br/>Emphasises the significance of consumer self-identity and self-projection, and how companies can use these phenomena to build brand capital —<br/>Draws on the theoretical frameworks that underpin the concepts of branding, power and ownership including Bourdieu's concepts of capital and habitus, Foucault's archaeology and genealogy, and Butler's work on gender as performance —<br/>Case studies from companies including Virgin Atlantic, Kate Spade, Burberry, and Change Please illustrate the theoretical concepts in action, enabling you to contextualise and apply complex ideas within relatable scenarios —<br/>Key Points and Discussion Questions feature throughout the book facilitating effective learning and encouraging interactive engagement with the text.
650 #0 - PUNTO DE ACCESO ADICIONAL DE MATERIA--TÉRMINO DE MATERIA
Término de materia o nombre geográfico como elemento de entrada Consumption (Economics)
Subdivisión general Social aspects
9 (RLIN) 13950
650 #0 - PUNTO DE ACCESO ADICIONAL DE MATERIA--TÉRMINO DE MATERIA
Término de materia o nombre geográfico como elemento de entrada Branding (Marketing)
Subdivisión general Social aspects
9 (RLIN) 8758
650 #0 - PUNTO DE ACCESO ADICIONAL DE MATERIA--TÉRMINO DE MATERIA
Término de materia o nombre geográfico como elemento de entrada Cultural landscapes.
9 (RLIN) 24890
942 ## - ELEMENTOS DE ENTRADA AGREGADA (KOHA)
Fuente del sistema de clasificación o colocación Clasificación de Library of Congress
Holdings
Estado de retiro Estado de pérdida Fuente del sistema de clasificación o colocación Estado dañado No para préstamo Biblioteca de origen Biblioteca actual Fecha de adquisición Total de préstamos Signatura topográfica completa Código de barras Fecha visto por última vez Fecha del último préstamo Número de copia Precio válido a partir de Tipo de ítem Koha
    Clasificación de Library of Congress     TBS Barcelona TBS Barcelona 12/03/2025 1 HC79.C6 JOH B05904 09/05/2025 09/05/2025 1 12/03/2025 Book

Powered by Koha